02366 a2200229 4500020001500000020001800015082001100033090001500044100002100059245004200080250001200122260004400134300002100178500001500199520154000214856008201754856008701836942002401923999001901947952008501966952008502051 a0750618264 a978075061826704a658.15 c2605d26051 aParkinson, Alan.10aManagerial finance /cAlan Parkinson. a1st ed. a[S.l.] :bButterworth-Heinemann,c1997. a276 p. ;c24 cm. aPaperback. aManagerial Finance provides a clear and readable explanation of the most important topics managers should understand about business finance. These include resource management, investment and decision making, as well as the practical use of financial rations and performance indicators. Real examples and case studies are used throughout to illustrate points in a practical context. The book is based upon the Management Charter Initiative's Occupational Standards for Management NVQs and SVQs at Levels 4 & 5 and is also particularly suitable for managers on Certificate and Diploma in Management programmes, including those accredited by the IM and Edexcel (formerly BTEC). Managerial Finance is part of the highly successful series of textbooks for managers which cover the knowledge and understanding required as part of any competency based management programme. The books cover the three main levels of management: supervisory/first-line management (NVQ level 3), middle management (Certificate/NVQ level 4) and senior management (Diploma/NVQ level 5). Alan Parkinson is the Hill Samuel Senior Lecturer in Accounting & Finance at the Open Business School. He was previously responsible as Director of the Open University MBA Programme for launching the highly successful MBA Course. Published in association with the Institute of Management Covers all the essential topics that any aspiring manager should know including resource management, Investment and Finance decision making. Extensive use of real examples and case studies.403Amazon.comuhttp://www.amazon.com/exec/obidos/ASIN/0750618264/chopaconline-20403Amazon customer reviewsuhttp://www.chopac.org/cgi-bin/tools/azrev.pl?q=0750618264 aNBScBKk658.15 PAR c345098d345098 00104070aCLbCLd2013-08-28l0o658.15 PARpNBS18r2013-08-28w2013-08-28yBK 00104070aCLbCLd2013-08-28l0o658.15 PARpNBS16r2013-08-28w2013-08-28yBK